000 00700cam a22002053a 4500
001 35241
003 PGUSA
005 20140828083747.0
008 110211s2011||||xxu|||||s|||||000 | eng d
040 _aPGUSA
_beng
042 _adc
100 1 _aBangs, Outram,
_d1862-1932
245 1 0 _aNotes on Philippine Birds Collected by Governor W. Cameron Forbes :
_bBulletin of the Museum of Comparative Zoölogy at Harvard College, Vol. LXV. No. 4.
_h[electronic resource] /
_cOutram Bangs
260 _bProject Gutenberg,
_c2011
506 _aPublic domain in the USA.
516 _aElectronic text
830 0 _aProject Gutenberg
_v35241
856 4 0 _uhttp://www.gutenberg.org/ebooks/35241
942 _cEB
999 _c264496
_d264496